000 01179cam a22003255i 4500
001 18958137
003 ARRUPE
005 20160905151132.0
008 160202s2016 ke b 000 0 eng
010 _a 2015333092
020 _a9789966089816
040 _aDLC
_beng
_cDLC
_erda
042 _alcode
_apcc
050 _aDT30.5T772
245 0 0 _aTransitional justice in post-conflict societies in Africa /
_cJames Stormes, S. J., Elias Opongo, S. J., Peter Knox, S. J., Kifle Wansamo, S. J. (editors).
260 _aNairobi
_bPaulines Publications Africa
_c2016
300 _a263 pages ;
_c21 cm
504 _aIncludes bibliographical references.
650 _aConflict resolution
_zAfrica
_924499
650 _aConflict management
_zAfrica
_924500
650 _aPeace building
_93417
700 1 _aStormes, James,
_eeditor.
_924501
700 1 _aOpongo, Elias Omondi,
_eeditor.
_924502
700 1 _aKnox, Peter,
_eeditor.
_924503
700 1 _aKifle Wansamo,
_eeditor.
_924504
710 2 _aPaulines Publications Africa.
_924505
906 _a7
_bibc
_corigode
_d2
_encip
_f20
_gy-gencatlg
942 _2lcc
_cMONOGRAPH
999 _c124817
_d124817